Normal view
MARC view
Entry Personal Name
001 - CONTROL NUMBER
- control field: 33459
003 - CONTROL NUMBER IDENTIFIER
- control field: ARRUPE
005 - DATE AND TIME OF LATEST TRANSACTION
- control field: 20170724090758.0
008 - FIXED-LENGTH DATA ELEMENTS
- fixed length control field: 170724|| aca||aabn | a|a d
040 ## - CATALOGING SOURCE
- Original cataloging agency: ARRUPE
- Transcribing agency: ARRUPE
100 ## - HEADING--PERSONAL NAME
- Personal name: Anderson ,Leith
670 ## - SOURCE DATA FOUND
- Source citation: Work cat.: (ARRUPE): Anderson ,Leith, Leadership that works, 1999